000 01024nam0a22002891 4500
001 rc\4436555
005 20130416160030.8
035 _a(NLR Aleph) 008313504
090 _a8712207
_c8712207
100 _a20130416d1965 |||y0rusy50 ca
101 0 _arus
102 _aRU
105 _aa j |||||
200 1 _aОсновы общей теории связи
_e[Учебник]
_fПод ред. Л.М. Финка
_gВоен. краснознам. акад. связи
210 _aЛенинград
_cБ. и.
_d1965
215 _a360 с.
_cил.
_d22
300 _aПеред загл. авт.: Г.Д. Заварин, Н.Л. Теплов, Л.М. Финк
320 _aБиблиогр.: с. 355-357
333 _aПродаже не подлежит
700 1 _aЗаварин
_bГ. Д.
_gГеоргий Дмитриевич
701 1 _aТеплов
_bН. Л.
701 1 _aФинк
_bЛ. М.
_4340
801 0 _aRU
_bNLR
_gpsbo
801 1 _aRU
_bELAR
_2rusmarc
852 _aNLR
_j50К/1674
942 _cBOOK
980 _aNB